<?xml version="1.0" encoding="UTF-8"?>
<record
    xmlns:xsi="http://www.w3.org/2001/XMLSchema-instance"
    xsi:schemaLocation="http://www.loc.gov/MARC21/slim http://www.loc.gov/standards/marcxml/schema/MARC21slim.xsd"
    xmlns="http://www.loc.gov/MARC21/slim">

  <leader>01443nam0a2200313   4500</leader>
  <controlfield tag="001">RU\NLR\BIBL_A\022269665</controlfield>
  <controlfield tag="005">20250625181447.0</controlfield>
  <datafield tag="035" ind1=" " ind2=" ">
    <subfield code="a">(NLR Aleph) 022269665</subfield>
  </datafield>
  <datafield tag="090" ind1=" " ind2=" ">
    <subfield code="a">12348740</subfield>
    <subfield code="c">12348740</subfield>
  </datafield>
  <datafield tag="100" ind1=" " ind2=" ">
    <subfield code="a">20240626d1952    |||y0rusy50      ca</subfield>
  </datafield>
  <datafield tag="101" ind1="0" ind2=" ">
    <subfield code="a">ukr</subfield>
  </datafield>
  <datafield tag="102" ind1=" " ind2=" ">
    <subfield code="a">RU</subfield>
  </datafield>
  <datafield tag="105" ind1=" " ind2=" ">
    <subfield code="a">y   gc  001yy</subfield>
  </datafield>
  <datafield tag="181" ind1=" " ind2="0">
    <subfield code="a">i </subfield>
    <subfield code="b">axxe  </subfield>
  </datafield>
  <datafield tag="182" ind1=" " ind2="0">
    <subfield code="a">n</subfield>
  </datafield>
  <datafield tag="200" ind1="1" ind2=" ">
    <subfield code="a">&#x41C;i&#x436;&#x43D;&#x430;&#x440;&#x43E;&#x434;&#x43D;&#x438;&#x439; &#x436;i&#x43D;&#x43E;&#x447;&#x438;&#x439; &#x434;&#x435;&#x43D;&#x44C; - 8 &#x431;&#x435;&#x440;&#x435;&#x437;&#x43D;&#x44F;</subfield>
    <subfield code="e">&#x43F;&#x43E;&#x43A;&#x430;&#x436;&#x447;&#x438;&#x43A; &#x440;&#x435;&#x43A;&#x43E;&#x43C;&#x435;&#x43D;&#x434;&#x43E;&#x432;&#x430;&#x43D;&#x43E;&#xEF; &#x43B;i&#x442;&#x435;&#x440;&#x430;&#x442;&#x443;&#x440;&#x438;</subfield>
    <subfield code="f">[&#x410;&#x43A;&#x430;&#x434;&#x435;&#x43C;i&#x44F; &#x43D;&#x430;&#x443;&#x43A; &#x423;&#x43A;&#x440;&#x430;&#xEF;&#x43D;&#x441;&#x44C;&#x43A;&#x43E;&#xEF; &#x420;&#x421;&#x420;], &#x414;&#x435;&#x440;&#x436;&#x430;&#x432;&#x43D;&#x430; &#x43F;&#x443;&#x431;&#x43B;i&#x447;&#x43D;&#x430; &#x431;i&#x431;&#x43B;i&#x43E;&#x442;&#x435;&#x43A;&#x430; &#x423;&#x43A;&#x440;&#x430;&#xEF;&#x43D;&#x441;&#x44C;&#x43A;&#x43E;&#xEF; &#x420;&#x421;&#x420;, &#x411;i&#x431;&#x43B;i&#x43E;&#x433;&#x440;&#x430;&#x444;i&#x447;&#x43D;&#x438;&#x439; &#x432;i&#x434;&#x434;i&#x43B;</subfield>
    <subfield code="g">[&#x441;&#x43A;&#x43B;&#x430;&#x43B;&#x430;: &#x421;. &#x411;&#x43E;&#x440;&#x435;&#x432;&#x441;&#x44C;&#x43A;&#x430;]</subfield>
  </datafield>
  <datafield tag="203" ind1=" " ind2=" ">
    <subfield code="a">&#x422;&#x435;&#x43A;&#x441;&#x442;</subfield>
    <subfield code="b">&#x432;&#x438;&#x437;&#x443;&#x430;&#x43B;&#x44C;&#x43D;&#x44B;&#x439;</subfield>
    <subfield code="c">&#x43D;&#x435;&#x43F;&#x43E;&#x441;&#x440;&#x435;&#x434;&#x441;&#x442;&#x432;&#x435;&#x43D;&#x43D;&#x44B;&#x439;</subfield>
  </datafield>
  <datafield tag="210" ind1=" " ind2=" ">
    <subfield code="a">&#x41A;&#x438;&#xEF;&#x432;</subfield>
    <subfield code="c">[&#x431;. &#x438;.]</subfield>
    <subfield code="d">1952</subfield>
  </datafield>
  <datafield tag="215" ind1=" " ind2=" ">
    <subfield code="a">53, [1] &#x43B;.</subfield>
    <subfield code="d">29</subfield>
  </datafield>
  <datafield tag="309" ind1=" " ind2=" ">
    <subfield code="a">&#x41D;&#x430;&#x43F;&#x435;&#x447;. &#x43D;&#x430; &#x43F;&#x438;&#x448;. &#x43C;&#x430;&#x448;.; &#x442;&#x435;&#x43A;&#x441;&#x442; &#x43D;&#x430; &#x43E;&#x434;&#x43D;&#x43E;&#x439; &#x441;&#x442;&#x43E;&#x440;&#x43E;&#x43D;&#x435; &#x43B;&#x438;&#x441;&#x442;&#x430;. &#x421;&#x43A;&#x43B;&#x43E;&#x433;&#x440;&#x430;&#x444;</subfield>
  </datafield>
  <datafield tag="320" ind1=" " ind2=" ">
    <subfield code="a">I&#x43C;&#x435;&#x43D;. &#x43F;&#x43E;&#x43A;&#x430;&#x436;&#x447;&#x438;&#x43A;: &#x43B;. 52-53</subfield>
  </datafield>
  <datafield tag="702" ind1=" " ind2="1">
    <subfield code="a">&#x411;&#x43E;&#x440;&#x435;&#x432;&#x441;&#x44C;&#x43A;&#x430;</subfield>
    <subfield code="b">&#x421;.</subfield>
    <subfield code="4">220</subfield>
  </datafield>
  <datafield tag="712" ind1="0" ind2="2">
    <subfield code="4">570</subfield>
    <subfield code="7">ca</subfield>
    <subfield code="8">ukr</subfield>
    <subfield code="a">&#x414;&#x435;&#x440;&#x436;&#x430;&#x432;&#x43D;&#x430; &#x43F;&#x443;&#x431;&#x43B;i&#x447;&#x43D;&#x430; &#x431;i&#x431;&#x43B;i&#x43E;&#x442;&#x435;&#x43A;&#x430; &#x423;&#x420;&#x421;&#x420;</subfield>
    <subfield code="b">&#x411;i&#x431;&#x43B;i&#x43E;&#x433;&#x440;&#x430;&#x444;i&#x447;&#x43D;&#x438;&#x439; &#x432;i&#x434;&#x434;i&#x43B;</subfield>
    <subfield code="c">&#x41A;&#x438;&#xEF;&#x432;</subfield>
    <subfield code="9">884486</subfield>
    <subfield code="3">RU\NLR\AUTH\880612635</subfield>
  </datafield>
  <datafield tag="852" ind1=" " ind2=" ">
    <subfield code="a">NLR</subfield>
    <subfield code="j">&#x441;461-660/&#x41C;-58</subfield>
  </datafield>
  <datafield tag="942" ind1=" " ind2=" ">
    <subfield code="c">BOOK</subfield>
  </datafield>
  <datafield tag="980" ind1=" " ind2=" ">
    <subfield code="a">NB</subfield>
  </datafield>
  <datafield tag="995" ind1=" " ind2=" ">
    <subfield code="5">2024-07-11</subfield>
    <subfield code="b">NLR01</subfield>
    <subfield code="c">NLR01</subfield>
    <subfield code="e">CSB</subfield>
    <subfield code="f">1-4644799</subfield>
    <subfield code="k">&#x441;461-660/&#x41C;-58</subfield>
    <subfield code="o">0</subfield>
    <subfield code="r">BOOK</subfield>
    <subfield code="s">46166058_</subfield>
  </datafield>
  <datafield tag="995" ind1=" " ind2=" ">
    <subfield code="5">2024-07-11</subfield>
    <subfield code="b">NLR01</subfield>
    <subfield code="c">NLR01</subfield>
    <subfield code="e">CSB</subfield>
    <subfield code="f">1-4644801</subfield>
    <subfield code="k">&#x441;461-660/&#x41C;-58</subfield>
    <subfield code="o">0</subfield>
    <subfield code="r">BOOK</subfield>
    <subfield code="s">46166058_</subfield>
  </datafield>
</record>
